000 00518nam a2200181Ia 4500
005 20250508152139.0
008 008 250505s9999 xx 000 0 eng d
037 _aTextual
040 _aFEDL
_beng
_cFEDL
041 _aeng
_2eng
084 _a745.3, HUN
_qFEDL
245 0 _aHundreds of things: A boy can make: A hobby book for boys of all ages
250 _aRev. Ed.
260 _aLondon, UK
_bW Foulsham and Co Ltd
300 _a160p
942 _cTEXL
_h745.3, HUN
999 _c1334568
_d1334568